00617 2200217 4500001002100000005001500021035002000036007000300056008004100059020001500100082000800115084001400123100002300137245007400160250000900234260006100243300002600304650002400330504002600354990001900380INLIS00000000000878320210506092324 a0010-0521000076ta210506 g 0 ind  a9799242193 a339 a339 RAH t0 aRAHARDJA, prathama1 aTeori Ekonomi Makro Suatu Pengantar Edisi Ketiga /cPrathama Rahardja aEd.3 aJakarta :bFakultas Ekonomi Universitas Indonesia,c2005 axvi, 412 hlm ;c26 cm 4aTeori ekonomi makro aBibliografi : Hal 411 a6262041010526A